Statistiques concernant Types de Chaussures đź‘žđź‘ 

Cliquez ici pour prendre le quiz!

Statistiques générales

  • Ce quiz a Ă©tĂ© pris 125 fois
  • Le rĂ©sultat moyen est 10 sur 13

Statistiques - réponses

RĂ©ponse% Correct
Talon
97%
Botte
94%
Basket
93%
Tong
93%
Claquette
90%
Crampon
87%
Mocassin
87%
Ballerine
86%
Sandale
84%
Espadrille
69%
Pantoufle
46%
Mule
26%
Derby
17%

Distribution des résultats

Percentile par nombre de réponses

% des personnes avec chaque résultat

Votre développement - résultats

Vous n’avez pas pris ce quiz